Documentos básicos

Tallennettuna:
Bibliografiset tiedot
Yhteisötekijä: Universidad para la Paz
Aineistotyyppi: Tuntematon
Julkaistu: San José: Imprenta Nacional
Tagit: Lisää tagi
Ei tageja, Lisää ensimmäinen tagi!

MARC

LEADER 00000 a2200000 04500
001 15307
003
008 991231s d
040
090 |a 018405  
110 |a Universidad para la Paz  
245 |a Documentos básicos  
260 |a San José:   |b Imprenta Nacional  
300 |a 264 p  
999 |c 14012  |d 14012